<?xml version="1.0" encoding="UTF-8"?>
<record
    xmlns:xsi="http://www.w3.org/2001/XMLSchema-instance"
    xsi:schemaLocation="http://www.loc.gov/MARC21/slim http://www.loc.gov/standards/marcxml/schema/MARC21slim.xsd"
    xmlns="http://www.loc.gov/MARC21/slim">

  <leader>01234    a2200205   4500</leader>
  <controlfield tag="001">22287</controlfield>
  <controlfield tag="005">20260407155512.0</controlfield>
  <controlfield tag="008">260407a1966    arg                 spa d</controlfield>
  <controlfield tag="003">AR-UNSa-BCEJYS</controlfield>
  <datafield tag="040" ind1=" " ind2=" ">
    <subfield code="a">AR-UNSa-BCEJYS</subfield>
    <subfield code="b">spa</subfield>
    <subfield code="c">AR-UNSa-BCEJYS</subfield>
  </datafield>
  <datafield tag="080" ind1=" " ind2=" ">
    <subfield code="a">342.9</subfield>
    <subfield code="x">Derecho Administrativo</subfield>
  </datafield>
  <datafield tag="245" ind1="1" ind2="0">
    <subfield code="a">Tratado de derecho administrativo</subfield>
  </datafield>
  <datafield tag="264" ind1=" " ind2="1">
    <subfield code="a">Buenos Aires :</subfield>
    <subfield code="b">Abeledo Perrot</subfield>
    <subfield code="c">1966</subfield>
  </datafield>
  <datafield tag="300" ind1=" " ind2=" ">
    <subfield code="a">803 p.</subfield>
    <subfield code="c">23 cm.</subfield>
  </datafield>
  <datafield tag="505" ind1=" " ind2=" ">
    <subfield code="a">Titulo V: 1. Servicios p&#xFA;blicos - 2. Caracteres Jur&#xED;dicos - 3. Creaci&#xF3;n, Organizaci&#xF3;n, Modificaci&#xF3;n y supresi&#xF3;n de servicios p&#xFA;blicos - 4. Sistema jur&#xED;dico inherente al servicio p&#xFA;blico - 5. Clasificaci&#xF3;n de los servicios p&#xFA;blicos - 6. La retribuci&#xF3;n en los servicios p&#xFA;blicos - 7. El administrado y el usuario en su relaci&#xF3;n con el servicio p&#xFA;blico - 8. Formas de presentaci&#xF3;n o gesti&#xF3;n de los servicios p&#xFA;blicos - 9. Colaboraci&#xF3;n de los particulares con la administraci&#xF3;n en la prestaci&#xF3;n de los servicios p&#xFA;blicos - Titulo VI: 1. Actos de la administraci&#xF3;n p&#xFA;blica - 2. Acto administrativo - 3. Actos de administraci&#xF3;n - 4. Actos de gobierno o pol&#xED;tico.</subfield>
  </datafield>
  <datafield tag="041" ind1=" " ind2=" ">
    <subfield code="a">spa</subfield>
  </datafield>
  <datafield tag="942" ind1=" " ind2=" ">
    <subfield code="c">BK</subfield>
  </datafield>
  <datafield tag="590" ind1=" " ind2=" ">
    <subfield code="a">niveau_biblio:m niveau_hierar:0</subfield>
  </datafield>
  <datafield tag="100" ind1="1" ind2=" ">
    <subfield code="a">Marienhoff, Miguel S.</subfield>
  </datafield>
  <datafield tag="999" ind1=" " ind2=" ">
    <subfield code="c">946</subfield>
    <subfield code="d">946</subfield>
  </datafield>
  <datafield tag="952" ind1=" " ind2=" ">
    <subfield code="0">0</subfield>
    <subfield code="1">0</subfield>
    <subfield code="4">0</subfield>
    <subfield code="7">0</subfield>
    <subfield code="a">BCEJYS</subfield>
    <subfield code="b">BCEJYS</subfield>
    <subfield code="c">16</subfield>
    <subfield code="d">2026-04-07</subfield>
    <subfield code="l">0</subfield>
    <subfield code="o">342.9 M334 v.2</subfield>
    <subfield code="p">L24188</subfield>
    <subfield code="r">2026-04-07 15:55:12</subfield>
    <subfield code="w">2026-04-07</subfield>
    <subfield code="y">L</subfield>
  </datafield>
</record>
